| 000 | 00892nas a2200289 4500 | ||
|---|---|---|---|
| 001 | BR2018000779 | ||
| 003 | BR-BrBNA | ||
| 005 | 20231205131311.0 | ||
| 007 | ta | ||
| 008 | 230509b bl.|||p| |||| 00| 00por d | ||
| 040 |
_aBR-BrBNA _bpor _cBiblioteca Nacional de Agricultura |
||
| 041 | _a(Pt) | ||
| 072 | _aU10; K10 | ||
| 100 | 1 | _aCorreia, F.W.S. | |
| 100 | 1 | _aAlvalá, R.C. dos S. | |
| 100 | 1 | _aManzi, A.O. | |
| 100 | 1 | _aGielow, R. | |
| 100 | 1 | _aKubota, P.Y. | |
| 245 | 1 | _aCalibração do "simplified simple biosphere model - SSiB" para áreas de pastagem r floresta na Amazônia com dados do LBA | |
| 650 | _aPASTAGEM | ||
| 650 | _aFLORESTA | ||
| 650 | _aMODELO MATEMATICO | ||
| 650 | _aAMAZONIA | ||
| 773 | 0 |
_tActa Amazônica (Brazil) _xISSN 0044-5967 _g(Apr 2005), v. 35(2) p. 273-288 _wBR2018000779 |
|
| 909 |
_a202311 _bLúcia _c55 _dLúcia Elande |
||
| 942 |
_2AGRIS _n0 _cANA |
||
| 999 |
_c254059 _d254059 |
||